000 00680nam a22002417a 4500
003 UA-OsUOA
001 75872
007 ta
008 20110606b un ||||| |||| 00| 0 ukr d
100 _aЛук'яненко Л.
090 _a82-94
_bЛ84
942 _cBK
040 _aUA-OsUOA
_bukr
_cUA-OsUOA
_dUA-OsUOA
245 _aЗ часів неволі. Спогади і роздуми
_bкнига третя
300 _a448 с.
955 _a2
041 _aukr
080 _a82-94
020 _a978-966-2186-19-3
260 _aК.
_bВД "Світлиця"
_c2009
650 7 _a82 Література. Літературознавство
_2UDC
999 _c362166
_d362166